00373nam a2200121Ia 4500008004100000041000800041082001300049100003500062245005000097260006900147300001400216999002100230231228s2000 xx 000 0 und d aeng a4.6bWRI aWRIGHT (G.R.) / STEVENS (W.R.) aTCP/IP : Illustrated VOL-2,The Implementation aGhaziabadbShiva Institute of Management Studies Ghaziabadc2000 aXXII,1174 c1086492d1086492